<?xml version="1.0" encoding="UTF-8"?>
<record
    xmlns:xsi="http://www.w3.org/2001/XMLSchema-instance"
    xsi:schemaLocation="http://www.loc.gov/MARC21/slim http://www.loc.gov/standards/marcxml/schema/MARC21slim.xsd"
    xmlns="http://www.loc.gov/MARC21/slim">

  <leader>00913ntm a2200217 i 4500</leader>
  <controlfield tag="001">180748</controlfield>
  <controlfield tag="003">ES-MaACL</controlfield>
  <controlfield tag="005">20240312062554.0</controlfield>
  <controlfield tag="007">t|</controlfield>
  <controlfield tag="008">120709s1931    sp           |||| | spa d</controlfield>
  <datafield tag="100" ind1="1" ind2=" ">
    <subfield code="a">Carmona Sobrino, Miguel.</subfield>
    <subfield code="9">35352</subfield>
  </datafield>
  <datafield tag="245" ind1="1" ind2="0">
    <subfield code="a">Algunas ideas para la redacci&#xF3;n de un proyecto de bases de Constituci&#xF3;n [</subfield>
    <subfield code="h">Manuscrito] / </subfield>
    <subfield code="c">por Miguel Carmona.</subfield>
  </datafield>
  <datafield tag="260" ind1=" " ind2=" ">
    <subfield code="a">Madrid : </subfield>
    <subfield code="b">[s.n.], </subfield>
    <subfield code="c">1931.</subfield>
  </datafield>
  <datafield tag="300" ind1=" " ind2=" ">
    <subfield code="a">29, [4] p. ; </subfield>
    <subfield code="c">29 cm.</subfield>
  </datafield>
  <datafield tag="594" ind1=" " ind2=" ">
    <subfield code="a">Posiblemente es la memoria le&#xED;da por Miguel Carmona, cumpliendo un acuerdo de la Junta General de discutir un proyecto constitucional completo, sello con fecha 18 de junio de 1931.</subfield>
  </datafield>
  <datafield tag="597" ind1=" " ind2=" ">
    <subfield code="a">Ejemplar mecanografiado.</subfield>
  </datafield>
  <datafield tag="610" ind1="1" ind2="4">
    <subfield code="a">Espa&#xF1;a. </subfield>
    <subfield code="t">Constituci&#xF3;n, 1931.</subfield>
    <subfield code="9">3656</subfield>
  </datafield>
  <datafield tag="610" ind1="2" ind2="4">
    <subfield code="a">Ateneo de Madrid-</subfield>
    <subfield code="v">Conferencias-</subfield>
    <subfield code="y">1900-1939</subfield>
    <subfield code="9">1907</subfield>
  </datafield>
  <datafield tag="852" ind1=" " ind2=" ">
    <subfield code="a">ES-MaACL</subfield>
    <subfield code="j">Armario 18, Caja negra    </subfield>
    <subfield code="x">- Olim: 1755-F-7</subfield>
  </datafield>
  <datafield tag="999" ind1=" " ind2=" ">
    <subfield code="c">180748</subfield>
    <subfield code="d">180748</subfield>
  </datafield>
  <datafield tag="952" ind1=" " ind2=" ">
    <subfield code="0">0</subfield>
    <subfield code="1">0</subfield>
    <subfield code="4">0</subfield>
    <subfield code="7">0</subfield>
    <subfield code="8">Fondo_Ateneo_de_Madrid</subfield>
    <subfield code="a">ATENEOM</subfield>
    <subfield code="b">ATENEOM</subfield>
    <subfield code="c">DEPO</subfield>
    <subfield code="d">2012-07-09</subfield>
    <subfield code="e">SC</subfield>
    <subfield code="l">0</subfield>
    <subfield code="o">Armario 18, Caja negra</subfield>
    <subfield code="p">1189937</subfield>
    <subfield code="r">2023-02-23 00:00:00</subfield>
    <subfield code="w">2023-02-23</subfield>
    <subfield code="y">MANUSCRITO</subfield>
  </datafield>
</record>
